Matemática 1; la matemática en las ciencias, el arte y los juegos /

Guardado en:
Autor Principal: Camuyrano, María Beatriz
Otros Autores: Fonseca, Gastón, Miragaya, Mirian
Formato: Libro
Publicado: Buenos Aires : Estrada, 2000
Materias:
Etiquetas: Agregar Etiqueta
Sin Etiquetas, Sea el primero en etiquetar este registro!
LEADER 01596nam a22003495a 4500
001 CEM.cems016460
008 130507s2000##################000#0#####d
005 20211206180253.0
003 CEMS
245 1 0 |a Matemática 1; la matemática en las ciencias, el arte y los juegos /  |c María Beatriz Camuyrano, Gastón Fonseca y Miriam Miragaya 
260 |a Buenos Aires :  |b Estrada,  |c 2000 
300 |a 47 p. 
500 |a Libro de actividades acompaña al libro de texto Matemática 1 de María Beatriz Camuyrano 
020 |a 9500107740 
100 1 |a Camuyrano, María Beatriz 
700 1 |a Fonseca, Gastón 
700 1 |a Miragaya, Mirian 
082 0 4 |a 510 
653 |a Matemática 
653 |a Modelos matemáticos 
653 |a Matemática-actividades 
653 |a Matemática-ejercicios 
859 |a CEMS  |b BIB. CEMS - Agricultura  |h 510  |i C159-1  |p A0015.00  |t Ej.1  |v 1  |3 1 
859 |a CEMS  |b BIB. CEMS - 11 de abril  |h 510  |i C159-1  |p 20802.00  |t Ej.1  |v 1º  |3 1 
859 |a CEMS  |b BIB. CEMS - Agricultura  |h 510  |i C159-1  |p A0616.05  |t Ej.2  |v 1  |3 1 
859 |a CEMS  |b BIB. CEMS - 11 de abril  |h 510  |i C159-1  |p 22775.05  |t Ej.2  |v 1º  |3 1 
859 |a CEMS  |b BIB. CEMS - Agricultura  |h 510  |i C159-1  |p A0617.05  |t Ej.3  |v 1  |3 1 
859 |a CEMS  |b BIB. CEMS - 11 de abril  |h 510  |i C159-1  |p 22776.05  |t Ej.3  |v 1º  |3 1 
859 |a CEMS  |b BIB. CEMS - Agricultura  |h 510  |i C159-1  |p A1701.12  |t Ej.4  |v 1  |3 1 
859 |a CEMS  |b BIB. CEMS - 11 de abril  |h 510  |i C159-1  |p 22777.05  |t Ej.4  |v 1º  |3 1 
859 |a CEMS  |b BIB. CEMS - 11 de abril  |h 510  |i C159-1  |p 22778.05  |t Ej.5  |v 1º  |3 1 
859 |a CEMS  |b BIB. CEMS - 11 de abril  |h 510  |i C159-1  |p 22779.05  |t Ej.6  |v 1º  |3 1